Developers of Popular Video Games - Statistics

General Stats
  • This quiz has been taken 110 times
  • The average score is 7 of 21
Answer Stats
Hint Answer % Correct
GTA Rockstar
98%
Minecraft Mojang
67%
Red Dead Redemption Rockstar
65%
Last of Us NaughtyDog
48%
Portal Valve
47%
Madden EA Sports
43%
Resident Evil Capcom
39%
Call of Duty: Modern Warfare Infinity Ward
38%
Street Fighter Capcom
36%
Final Fantasy Square Enix
35%
Watch Dogs Ubisoft
34%
Dark Souls FromSoftware
33%
Call of Duty: Black Ops Treyarch
32%
Bioshock 2K
25%
Mortal Kombat Netherrealm
20%
Mass Effect BioWare
17%
Detroit: Become Human Quantic Dream
17%
Fallout Interplay
16%
Spider Man Insomiac
3%
Rogue Company First Watch
2%
Assassin's Creed Gameloft
0%
No matching quizzes found
Score Distribution
Percent of People with Each Score
Percentile by Number Answered
Your Score History
You have not taken this quiz